Banderas de países en estilo nórdico - Estadísticas

Estadísticas generales
  • Esta prueba ha sido intentada 5.862 veces
  • La puntuación promedio es 14 de 16
Estadísticas de respuestas
Imagen Respuesta % Correcto
Brasil
99%
México
98%
Argentina
97%
China
97%
India
97%
Portugal
97%
Australia
96%
Corea del Sur
96%
Sudáfrica
96%
Corea del Norte
92%
Pakistán
88%
Mongolia
85%
Etiopía
83%
Japón
82%
Estonia
80%
Nepal
66%
No se encontraron pruebas coincidentes
Distribución de puntuación
Porcentaje de gente con cada puntuación
Porcentaje por número respondido
Historial de tus puntuaciones
No has intentado esta prueba.